000 00390 a2200109 4500
001 ART_49854
005 20260410161843.0
008 260409a
245 1 0 _aLa garantía de estabilidad de la ecuación económico financiera en el contrato de participación público-privada
100 1 _aBarra, Rodolfo Carlos
773 0 _tRAP
_g- Año 41, Nº 483 (dic. 2018)
_wREV5941
999 _c24280
_d24280